000 00455nam a2200157Ia 4500
008 240729s9999 xx 000 0 und d
245 0 _aJournal of Vector Borne Diseases
260 _aIndia
260 _bWolters Kluwer Medknow Publications
650 _a Infectious and parasitic diseases
650 _a Internal medicine
650 _aMedicine
856 _uhttps://doaj.org/toc/0632b26211cc449ab6e870ca3b037c7a
942 _2ddc
942 _cDOAJEJ
999 _c70192
_d70192
945 _a1
_bMadushi Gamage
_c1
_dMadushi Gamage